[Event "ARA Cto de Aragon por Equipos Division "]
[Site "Aragon"]
[Date "2021.03.27"]
[Round "3.15"]
[White "Hernando Garcia, Antonio"]
[Black "Garcia Morales, Roberto"]
[Result "1-0"]
[WhiteElo "2097"]
[BlackElo "2016"]
[PlyCount "117"]
[EventDate "2021.03.13"]
[WhiteTeam "El Olivar"]
[BlackTeam "Agrupacion"]

1. Nf3 e6 2. c4 f5 3. g3 Nf6 4. Bg2 Be7 5. O-O O-O 6. b3 c5 7. Bb2 Nc6 8. d4
cxd4 9. Nxd4 a6 10. Nc3 Qe8 11. e3 d6 12. Na4 Ne4 13. Nb6 Rb8 14. Nxc8 Qxc8 15.
Bxe4 fxe4 16. Nxc6 Qxc6 17. Qg4 e5 18. Qe6+ Rf7 19. Rad1 b5 20. Bxe5 bxc4 21.
bxc4 Rc8 22. Bxd6 Qxc4 23. Qxc4 Rxc4 24. Bxe7 Rxe7 25. Rd8+ Kf7 26. Rfd1 Ra4
27. R1d2 Kf6 28. h4 h6 29. Kg2 Ra3 30. g4 Ra4 31. R8d6+ Kf7 32. h5 Re6 33. Rxe6
Kxe6 34. Kg3 Ke5 35. Rd7 Kf6 36. Rd6+ Kf7 37. Rd4 Rxa2 38. Rxe4 a5 39. f4 a4
40. Kf3 Ra1 41. Rb4 a3 42. Ra4 a2 43. Ke4 Rg1 44. Rxa2 Rxg4 45. Kf5 Rh4 46.
Ra7+ Kg8 47. e4 Kh7 48. e5 Rxh5+ 49. Ke6 Kg6 50. Ra1 Rh4 51. f5+ Kh7 52. Ra7
Kg8 53. Ra8+ Kh7 54. f6 gxf6 55. exf6 Re4+ 56. Kf5 Re1 57. f7 Rf1+ 58. Ke6 Re1+
59. Kd5 1-0

[Event "ARA Cto de Aragon por Equipos Division "]
[Site "Aragon"]
[Date "2021.03.27"]
[Round "3.16"]
[White "Conon, Catalin"]
[Black "Galstyan, David"]
[Result "1/2-1/2"]
[WhiteElo "1654"]
[BlackElo "1816"]
[PlyCount "119"]
[EventDate "2021.03.13"]
[WhiteTeam "Agrupacion"]
[BlackTeam "El Olivar"]

1. e4 e5 2. Nf3 Nc6 3. Bc4 Bc5 4. c3 Nf6 5. d4 exd4 6. e5 d5 7. Bb5 Ne4 8. cxd4
Bb4+ 9. Nbd2 O-O 10. O-O Bg4 11. Bxc6 bxc6 12. Qc2 Nxd2 13. Nxd2 Qd7 14. a3 Bf5
15. Qd1 Be7 16. b4 a5 17. bxa5 Rxa5 18. Nb3 Ra7 19. a4 Rfa8 20. a5 Qe6 21. Ba3
Bxa3 22. Rxa3 Qg6 23. Qd2 h5 24. Qf4 Bd3 25. Rfa1 Bc4 26. Nc5 Rxa5 27. Rxa5
Rxa5 28. Re1 Ra2 29. h3 Re2 30. Rxe2 Bxe2 31. Qe3 Bb5 32. e6 fxe6 33. Nxe6 Qe4
34. Nxc7 Qxe3 35. fxe3 Kf7 36. e4 dxe4 37. d5 Ke7 38. dxc6 Bxc6 39. Kf2 Kd6 40.
Na6 Ke5 41. Ke3 Bb5 42. Nc5 Bf1 43. g3 Bg2 44. Nd7+ Ke6 45. Nc5+ Kd5 46. Nd7
Bxh3 47. Nb6+ Ke5 48. Nc4+ Kf5 49. Nd6+ Kg4 50. Nxe4 Bg2 51. Nd6 Kxg3 52. Nf5+
Kg4 53. Nxg7 h4 54. Kf2 Be4 55. Ne8 Bc6 56. Nf6+ Kf4 57. Nh5+ Kg5 58. Ng3 h3
59. Kg1 Kh4 60. Kh2 1/2-1/2

[Event "ARA Cto de Aragon por Equipos Division "]
[Site "Aragon"]
[Date "2021.03.27"]
[Round "3.17"]
[White "Llanes Luno, Ricardo"]
[Black "Ruperez Benito, Antonio"]
[Result "0-1"]
[WhiteElo "2199"]
[BlackElo "2363"]
[PlyCount "72"]
[EventDate "2021.03.13"]
[WhiteTeam "Delicias"]
[BlackTeam "Palacio de Pioneros A"]

1. d4 e6 2. e4 d5 3. Nc3 Bb4 4. Bd3 dxe4 5. Bxe4 Nf6 6. Bf3 c5 7. Nge2 cxd4 8.
Qxd4 Qe7 9. Bg5 Nbd7 10. O-O-O h6 11. Bh4 Bc5 12. Qc4 Ne5 13. Qb5+ Bd7 14. Qxb7
O-O 15. Bxf6 gxf6 16. Qe4 Rab8 17. Nd4 Rfc8 18. Nb3 Ba3 19. Nb1 Bc5 20. Qh4 Kh7
21. Be4+ f5 22. Qxe7 Bxe7 23. f4 fxe4 24. fxe5 Bg5+ 25. N1d2 Bc6 26. Kb1 Rd8
27. Nc4 Bd5 28. Nd6 Kg7 29. c4 Ba8 30. h4 Bf4 31. Nxf7 Rxd1+ 32. Rxd1 e3 33. g3
Be4+ 34. Ka1 Kxf7 35. gxf4 e2 36. Re1 Rd8 0-1

[Event "ARA Cto de Aragon por Equipos Division "]
[Site "Aragon"]
[Date "2021.03.27"]
[Round "3.18"]
[White "Palacios Herrero, Pablo"]
[Black "Roche Simon, Manuel Angel"]
[Result "1-0"]
[WhiteElo "2243"]
[BlackElo "2046"]
[PlyCount "73"]
[EventDate "2021.03.13"]
[WhiteTeam "Palacio de Pioneros A"]
[BlackTeam "Delicias"]

1. e4 c5 2. Nf3 Nc6 3. d4 cxd4 4. Nxd4 Qb6 5. Nb3 Nf6 6. Nc3 e6 7. g3 a6 8. Bg2
Be7 9. O-O d6 10. Be3 Qc7 11. Na4 Nd7 12. c4 Nce5 13. Rc1 Nc5 14. Nbxc5 dxc5
15. f4 Nd7 16. Nc3 O-O 17. e5 f6 18. exf6 Nxf6 19. Qe2 Bd7 20. Rcd1 Rae8 21.
Bc1 Bd8 22. Qe5 b6 23. Rfe1 Bc8 24. Bh3 Qf7 25. Qe2 Bc7 26. b3 g6 27. Bb2 h6
28. Rd3 e5 29. Bxc8 Rxc8 30. fxe5 Ng4 31. e6 Qf2+ 32. Qxf2 Nxf2 33. Rd2 Ng4 34.
Nd5 h5 35. Ne7+ Kh7 36. Rd7 Nxh2 37. Nf5+ 1-0

[Event "ARA Cto de Aragon por Equipos Division "]
[Site "Aragon"]
[Date "2021.03.27"]
[Round "3.19"]
[White "Llanes Luno, Pedro Alfredo"]
[Black "Romero Pallares, Daniel"]
[Result "1-0"]
[WhiteElo "2005"]
[BlackElo "2203"]
[PlyCount "61"]
[EventDate "2021.03.13"]
[WhiteTeam "Delicias"]
[BlackTeam "Palacio de Pioneros A"]

1. e4 c5 2. Nf3 d6 3. d4 cxd4 4. Nxd4 Nf6 5. Nc3 a6 6. Rg1 e6 7. g4 b5 8. g5
Nfd7 9. a3 Bb7 10. Be3 Be7 11. h4 Nc6 12. h5 Nxd4 13. Qxd4 e5 14. Qd2 Nc5 15.
f3 Ne6 16. Nd5 Bxd5 17. exd5 Nd4 18. Bxd4 exd4 19. O-O-O b4 20. axb4 a5 21.
Bb5+ Kf8 22. Bc6 Rb8 23. b5 a4 24. f4 h6 25. g6 Bf6 26. Qd3 fxg6 27. hxg6 h5
28. Rde1 Qc7 29. Qe4 Qe7 30. Qf5 Qc7 31. Re6 1-0

[Event "ARA Cto de Aragon por Equipos Division "]
[Site "Aragon"]
[Date "2021.03.27"]
[Round "3.20"]
[White "Baquedano Coarasa, Pablo"]
[Black "Molina Pastor, Francisco"]
[Result "0-1"]
[WhiteElo "2165"]
[BlackElo "2024"]
[PlyCount "102"]
[EventDate "2021.03.13"]
[WhiteTeam "Palacio de Pioneros A"]
[BlackTeam "Delicias"]

1. d4 g6 2. c4 Bg7 3. Nc3 Nf6 4. e4 d6 5. Nge2 O-O 6. Ng3 Na6 7. Be2 c5 8. d5
Nc7 9. O-O a6 10. a4 Rb8 11. f4 Bd7 12. a5 b5 13. axb6 Rxb6 14. Kh1 Rb4 15. h3
Bc8 16. Qc2 e6 17. Be3 exd5 18. exd5 Nd7 19. Bd2 f5 20. Bd3 Qh4 21. Nge2 Nf6
22. Be1 Qh6 23. Ng1 Ng4 24. Qd2 Re8 25. Rf3 Bb7 26. Nge2 Ne6 27. Rg3 Nd4 28.
Nxd4 Bxd4 29. Nd1 Bc8 30. Rb1 Rb7 31. Bf2 Nxf2+ 32. Nxf2 Rbe7 33. Rf1 Be3 34.
Qa5 Bxf4 35. Rf3 Be5 36. b3 Qh4 37. Kg1 Bd4 38. Qb6 Qf6 39. Kh1 Re1 40. Ng4
Rxf1+ 41. Bxf1 Qh4 42. Qc7 Qe7 43. Nh6+ Kg7 44. Qc6 Kxh6 45. Kh2 g5 46. Bd3 g4
47. Rf1 Qe5+ 48. Kh1 Rg8 49. hxg4 Rxg4 50. Rf3 Rh4+ 51. Rh3 Qe1+ 0-1

[Event "ARA Cto de Aragon por Equipos Division "]
[Site "Aragon"]
[Date "2021.03.27"]
[Round "3.21"]
[White "Dominguez Bujeda, Jesus"]
[Black "Lopez Gracia, Fernando"]
[Result "1/2-1/2"]
[WhiteElo "2086"]
[BlackElo "2299"]
[PlyCount "111"]
[EventDate "2021.03.13"]
[WhiteTeam "Teruel"]
[BlackTeam "Ibercaja"]

1. d4 Nf6 2. c4 e6 3. Nc3 Bb4 4. e3 d5 5. Qa4+ Nc6 6. Bd2 O-O 7. Nf3 dxc4 8.
Bxc4 Bd6 9. h4 a6 10. Ng5 Bd7 11. Qc2 Nb4 12. Qb1 b5 13. Bb3 c5 14. dxc5 Bxc5
15. Nce4 Nxe4 16. Qxe4 f5 17. Bxe6+ Kh8 18. Qb1 Qe7 19. Bb3 Bc6 20. a3 Nd5 21.
Qc2 Rac8 22. Kf1 Bb7 23. Qd3 Rcd8 24. Qe2 Nf4 25. exf4 Bxg2+ 26. Ke1 Bxh1 27.
Qxe7 Bxe7 28. Ne6 Bxh4 29. Bc3 Bf6 30. Bxf6 gxf6 31. Ke2 Be4 32. f3 Bb7 33.
Nxf8 Rxf8 34. Rd1 Re8+ 35. Kf2 Bc8 36. Rd6 Kg7 37. Bc2 Re6 38. Rd5 Rc6 39. Bd3
Be6 40. Rd8 Kg6 41. Kg3 Bc4 42. Bb1 Bb3 43. Rd2 Rc1 44. Bd3 h5 45. Kg2 Re1 46.
Kf2 Rc1 47. Kg2 Bc4 48. Bc2 a5 49. Kh2 Bf1 50. Kg3 b4 51. axb4 axb4 52. Ba4 Bc4
53. Be8+ Kg7 54. Bxh5 b3 55. Rd7+ Kh6 56. Bf7 1/2-1/2

[Event "ARA Cto de Aragon por Equipos Division "]
[Site "Aragon"]
[Date "2021.03.27"]
[Round "3.22"]
[White "Torcal Miguel, Oscar"]
[Black "Gomez Calomarde, Saul"]
[Result "1-0"]
[WhiteElo "2101"]
[BlackElo "2036"]
[PlyCount "62"]
[EventDate "2021.03.13"]
[WhiteTeam "Ibercaja"]
[BlackTeam "Teruel"]

1. e4 c5 2. Nf3 Nc6 3. Bb5 g6 4. O-O Bg7 5. c3 e5 6. a4 Qe7 7. d3 h6 8. a5 Nf6
9. a6 O-O 10. Na3 bxa6 11. Bxc6 dxc6 12. Nc4 Nd7 13. Qa4 Nb6 14. Qa5 Bg4 15.
Ncd2 Rfd8 16. Qxa6 Qd7 17. h3 Bxf3 18. Nxf3 Qxd3 19. Qxd3 Rxd3 20. Ra5 Rad8 21.
Rxc5 Rd1 22. Be3 Rxf1+ 23. Kxf1 Na4 24. Rxc6 Nxb2 25. Bxa7 f5 26. Rxg6 fxe4 27.
Nxe5 Kh7 28. Re6 Nd3 29. Bd4 Bxe5 30. Bxe5 Rf8 31. Bd4 Rb8 1-0

[Event "ARA Cto de Aragon por Equipos Division "]
[Site "Aragon"]
[Date "2021.03.27"]
[Round "3.23"]
[White "Arpa Pardos, Emilio"]
[Black "Villalba Embid, Marcos"]
[Result "0-1"]
[WhiteElo "1905"]
[BlackElo "2020"]
[PlyCount "60"]
[EventDate "2021.03.13"]
[WhiteTeam "Teruel"]
[BlackTeam "Ibercaja"]

1. c4 d6 2. Nc3 g6 3. e4 Bg7 4. d4 Nf6 5. Nf3 O-O 6. Be2 e5 7. O-O Nc6 8. d5
Ne7 9. Ne1 Nd7 10. Nd3 f5 11. f3 f4 12. Bd2 h5 13. b4 g5 14. c5 Nf6 15. cxd6
cxd6 16. Nf2 Ng6 17. Rc1 Rf7 18. h3 Bf8 19. Qc2 Rc7 20. Qb3 Nh4 21. Nb5 Rg7 22.
Qc4 g4 23. hxg4 hxg4 24. fxg4 Bxg4 25. Nxg4 Nxg4 26. Nc7 Nxg2 27. Nxa8 Qh4 28.
Bxg4 Rxg4 29. Qe2 Ne3+ 30. Qxg4+ Qxg4+ 0-1

[Event "ARA Cto de Aragon por Equipos Division "]
[Site "Aragon"]
[Date "2021.03.27"]
[Round "3.24"]
[White "Jimenez Fernandez, Alejandro"]
[Black "Perez Dominguez, Carlos Gines"]
[Result "1-0"]
[WhiteElo "1977"]
[BlackElo "1571"]
[PlyCount "71"]
[EventDate "2021.03.13"]
[WhiteTeam "Ibercaja"]
[BlackTeam "Teruel"]

1. d4 Nf6 2. Nf3 d5 3. c4 c6 4. Nc3 h6 5. Bf4 e6 6. e3 Nbd7 7. h3 Be7 8. Qc2
Nf8 9. Bd3 Nh5 10. Bh2 Bd6 11. Ne5 Qe7 12. c5 Bc7 13. O-O Nf6 14. Kh1 Bd7 15.
Nxf7 Qxf7 16. Bxc7 g5 17. Ne2 h5 18. Be5 h4 19. f3 Rg8 20. b4 Ng6 21. Bd6 O-O-O
22. Qa4 a6 23. Bxa6 Be8 24. Bd3 Rxd6 25. Qa8+ Kc7 26. cxd6+ Kxd6 27. Qb8+ Ke7
28. Qxb7+ Bd7 29. b5 Rc8 30. bxc6 Rxc6 31. Rac1 Rxc1 32. Qb4+ Ke8 33. Rxc1 e5
34. Qb8+ Ke7 35. dxe5 Nh5 36. Qd6+ 1-0

[Event "ARA Cto de Aragon por Equipos Division "]
[Site "Aragon"]
[Date "2021.03.27"]
[Round "3.25"]
[White "Garza Marco, Sergio"]
[Black "Pellicer Cerezuela, Miguel"]
[Result "1-0"]
[WhiteElo "2399"]
[BlackElo "2029"]
[PlyCount "105"]
[EventDate "2021.03.13"]
[WhiteTeam "Helios"]
[BlackTeam "L'Aurora"]

1. d4 e6 2. c4 Nf6 3. Nf3 c5 4. d5 exd5 5. cxd5 d6 6. Nc3 g6 7. g3 Bg7 8. Bg2
O-O 9. O-O Na6 10. h3 Re8 11. Nd2 Nc7 12. a4 b6 13. Nc4 Ba6 14. Na3 Nd7 15. Re1
Ne5 16. Bf4 g5 17. Bd2 Nc4 18. Nxc4 Bxc4 19. Rb1 h6 20. b3 Ba6 21. b4 Bc8 22.
bxc5 bxc5 23. Qc2 Bd7 24. Nd1 Qc8 25. Kh2 Qa6 26. Nc3 Rab8 27. e3 Rb6 28. Bf1
Qb7 29. e4 Na6 30. a5 Rxb1 31. Rxb1 Qc8 32. Nb5 Bxb5 33. Bxb5 Rd8 34. Bc6 Nb8
35. Ba4 Nd7 36. f4 g4 37. h4 Qc7 38. Qc4 Bd4 39. Qd3 Nf6 40. Bc2 Rb8 41. Re1
Re8 42. Ba4 Rb8 43. Bc2 Re8 44. Kg2 Bb2 45. Qa6 Rb8 46. e5 Ne8 47. Qd3 f5 48.
Qxf5 Qg7 49. Qe6+ Kh8 50. Rb1 dxe5 51. Rxb2 Rxb2 52. Qxe8+ Qg8 53. Qxe5+ 1-0

[Event "ARA Cto de Aragon por Equipos Division "]
[Site "Aragon"]
[Date "2021.03.27"]
[Round "3.26"]
[White "Pellicer Cemeli, Jose Luis"]
[Black "Calvo Simon, Jorge"]
[Result "1/2-1/2"]
[WhiteElo "1972"]
[BlackElo "2188"]
[PlyCount "120"]
[EventDate "2021.03.13"]
[WhiteTeam "L'Aurora"]
[BlackTeam "Helios"]

1. d4 g6 2. Nf3 Bg7 3. e3 Nf6 4. Be2 d6 5. O-O O-O 6. c4 b6 7. Nc3 Bb7 8. b3
Nbd7 9. Qc2 e6 10. Bb2 Qe7 11. Rad1 Rfe8 12. d5 exd5 13. cxd5 Nc5 14. Bb5 Rec8
15. b4 Nce4 16. Bc6 Bxc6 17. dxc6 Re8 18. b5 a6 19. a4 Nc5 20. Nd4 Ng4 21. Nf3
Nf6 22. h3 Nce4 23. Nd5 Nxd5 24. Rxd5 Bxb2 25. Qxb2 axb5 26. axb5 Ra5 27. Ra1
Rea8 28. Rxa5 Rxa5 29. Rd1 Qf6 30. Nd4 Nc5 31. Qc2 Ne6 32. Nxe6 Qxe6 33. Rb1
Qe5 34. Qb2 Qxb2 35. Rxb2 Ra1+ 36. Kh2 Kg7 37. Kg3 Kf6 38. Kf4 Ra4+ 39. e4 g5+
40. Ke3 Ke5 41. f3 Ra3+ 42. Kf2 Kd4 43. Rd2+ Kc4 44. Rd5 f6 45. Rf5 Ra5 46.
Rxf6 Kxb5 47. Rf7 Kxc6 48. Rxh7 b5 49. h4 b4 50. hxg5 b3 51. Rh1 Rxg5 52. Rb1
Rb5 53. f4 d5 54. Ke3 Kd6 55. exd5 Kxd5 56. Kd3 c5 57. Kc3 c4 58. Rb2 Rc5 59.
Re2 Kd6 60. f5 Rxf5 1/2-1/2

[Event "ARA Cto de Aragon por Equipos Division "]
[Site "Aragon"]
[Date "2021.03.27"]
[Round "3.27"]
[White "Cerrajeria Ruiz, Jesus Maria"]
[Black "Fuentes Espuna, Juan Antonio"]
[Result "1-0"]
[WhiteElo "2125"]
[BlackElo "1977"]
[PlyCount "81"]
[EventDate "2021.03.13"]
[WhiteTeam "Helios"]
[BlackTeam "L'Aurora"]

1. Nf3 d5 2. g3 Nc6 3. d4 Bf5 4. Bg2 h6 5. c4 e6 6. cxd5 exd5 7. Nc3 Nf6 8. Qb3
Na5 9. Qa4+ c6 10. b4 Nc4 11. b5 Nb6 12. Qb3 c5 13. dxc5 Bxc5 14. Ba3 Qd6 15.
Bxc5 Qxc5 16. O-O O-O 17. Rac1 Rac8 18. a4 Nc4 19. Qd1 Rfd8 20. Qd4 b6 21. Qxc5
bxc5 22. Nxd5 Rxd5 23. Rxc4 Be6 24. Ra1 Rcd8 25. Ne1 Re5 26. Rc2 Bf5 27. f4 Re3
28. Rxc5 Bg4 29. Re5 Rxe2 30. h3 Rxg2+ 31. Nxg2 Bxh3 32. Kh2 Be6 33. Ne3 Rd2+
34. Kg1 g6 35. a5 Rb2 36. b6 a6 37. f5 gxf5 38. Nxf5 Ng4 39. Rc5 Nh2 40. Nd4
Bg4 41. b7 1-0

[Event "ARA Cto de Aragon por Equipos Division "]
[Site "Aragon"]
[Date "2021.03.27"]
[Round "3.28"]
[White "Puertolas Serena, Arturo"]
[Black "Lorente Melcon, Maximo"]
[Result "0-1"]
[WhiteElo "1812"]
[BlackElo "1838"]
[PlyCount "128"]
[EventDate "2021.03.13"]
[WhiteTeam "L'Aurora"]
[BlackTeam "Helios"]

1. e4 c5 2. d4 cxd4 3. c3 Nf6 4. e5 Nd5 5. cxd4 e6 6. Nf3 Nc6 7. a3 d6 8. Bc4
Be7 9. O-O O-O 10. b4 a6 11. Bb2 b5 12. Bb3 Bb7 13. Nbd2 Qb6 14. exd6 Bxd6 15.
Ne4 Be7 16. Nc5 Rfd8 17. Rc1 a5 18. Qc2 Rac8 19. Bxd5 exd5 20. Bc3 axb4 21.
axb4 Bf6 22. Qf5 Ne7 23. Qg4 Ng6 24. Rfe1 Re8 25. h4 Rcd8 26. h5 Bc8 27. Qg3
Ne7 28. Ne5 Nf5 29. Qf4 h6 30. Nf3 Qd6 31. Qxd6 Nxd6 32. Ne5 Bxe5 33. dxe5 Nc4
34. Bd4 Bg4 35. Ra1 Ra8 36. Na6 Rec8 37. Nc5 Re8 38. Na6 Rec8 39. Nc5 Ra3 40.
Rxa3 Nxa3 41. f3 Bxh5 42. e6 fxe6 43. Rxe6 Nc2 44. Bc3 d4 45. Bd2 Ra8 46. Ra6
Rxa6 47. Nxa6 Na3 48. Nc7 Nc4 49. Nxb5 Nxd2 50. Nxd4 Bf7 51. Kf2 Nb3 52. Nf5
Kf8 53. Ke3 Be6 54. Nd6 Ke7 55. Ne4 Kd7 56. Kf4 Nd4 57. g4 Ke7 58. Ke3 Nc2+ 59.
Kf4 Nxb4 60. g5 h5 61. Kg3 g6 62. Kh4 Nd5 63. Ng3 Nf4 64. Ne4 Bd5 0-1

[Event "ARA Cto de Aragon por Equipos Division "]
[Site "Aragon"]
[Date "2021.03.27"]
[Round "3.29"]
[White "Aranaz Murillo, Amalia"]
[Black "Barranco Mananet, Fernando"]
[Result "1-0"]
[WhiteElo "2224"]
[BlackElo "1969"]
[PlyCount "161"]
[EventDate "2021.03.13"]
[WhiteTeam "Palacio de Pioneros B"]
[BlackTeam "Monzon"]

1. Nf3 d5 2. c4 e6 3. g3 Nf6 4. Bg2 Be7 5. O-O O-O 6. b3 b6 7. cxd5 exd5 8. d4
Bb7 9. Nc3 Nbd7 10. Bf4 Ne4 11. Rc1 Nxc3 12. Rxc3 c5 13. Rc2 Rc8 14. Bh3 f5 15.
Qd2 h6 16. Ne5 Nxe5 17. Bxe5 cxd4 18. Rxc8 Bxc8 19. Qxd4 Bc5 20. Qd2 Re8 21.
Bb2 Be6 22. Rd1 Qd6 23. e3 Rd8 24. Qd3 Qd7 25. Bg2 Qd6 26. Bf3 Ba3 27. Ba1 Bc5
28. Kg2 a5 29. Qb5 Qd7 30. Qa6 Qc6 31. Bb2 Ra8 32. Qd3 Rd8 33. Qc3 Rd7 34. h3
Qd6 35. Qd3 Kf8 36. Bh5 Rd8 37. g4 Qd7 38. f3 Kg8 39. Bg6 Rf8 40. f4 fxg4 41.
hxg4 Bxg4 42. Qxd5+ Qxd5+ 43. Rxd5 Bxe3 44. f5 Bg5 45. Rd7 Bf6 46. Ba3 Rd8 47.
Rb7 Bd4 48. Kg3 Be2 49. Be7 Rc8 50. Bd6 Ba6 51. Ra7 Bb5 52. Bf7+ Kh8 53. Be6
Rd8 54. Be7 Re8 55. Bf7 Rc8 56. Be6 Be5+ 57. Kh4 Re8 58. Kh5 Bb8 59. Rb7 Bc6
60. Rxb6 Rxe7 61. Rxb8+ Re8 62. Rb6 Bf3+ 63. Kh4 Ra8 64. a3 Kh7 65. Kg3 Be4 66.
Kf4 Bg2 67. Rd6 Ra7 68. Rd8 Ra8 69. Rd7 Bh3 70. Kg3 Bxf5 71. Bxf5+ Kg8 72. Bg6
Kf8 73. Rf7+ Kg8 74. Rb7 Kf8 75. Kf4 Ra6 76. Bd3 Rd6 77. Bc4 g5+ 78. Kf5 Rc6
79. Ra7 Rc5+ 80. Kf6 Rc6+ 81. Be6 1-0

[Event "ARA Cto de Aragon por Equipos Division "]
[Site "Aragon"]
[Date "2021.03.27"]
[Round "3.30"]
[White "Garreta Crespo, Blas"]
[Black "Zambrana Petisme, Ramiro"]
[Result "0-1"]
[WhiteElo "1767"]
[BlackElo "2102"]
[PlyCount "42"]
[EventDate "2021.03.13"]
[WhiteTeam "Monzon"]
[BlackTeam "Palacio de Pioneros B"]

1. f4 c5 2. e3 g6 3. Nf3 Bg7 4. Nc3 Nf6 5. b3 O-O 6. Bb2 d5 7. Na4 Qc7 8. Be5
Qc6 9. Nc3 a6 10. Bxb8 Rxb8 11. Ne5 Qe6 12. Be2 b5 13. d4 Nd7 14. Bf3 Nb6 15.
O-O f6 16. dxc5 fxe5 17. Nxd5 e4 18. Nxb6 exf3 19. Rb1 Qxe3+ 20. Kh1 fxg2+ 21.
Kxg2 Bb7+ 0-1

[Event "ARA Cto de Aragon por Equipos Division "]
[Site "Aragon"]
[Date "2021.03.27"]
[Round "3.31"]
[White "Colom Sienes, Eduardo"]
[Black "Garreta Nieto, Maria"]
[Result "1-0"]
[WhiteElo "2094"]
[BlackElo "1759"]
[PlyCount "69"]
[EventDate "2021.03.13"]
[WhiteTeam "Palacio de Pioneros B"]
[BlackTeam "Monzon"]

1. e4 d5 2. exd5 Qxd5 3. Nc3 Qd8 4. Bc4 Nf6 5. Nf3 e6 6. d4 Be7 7. O-O O-O 8.
Bf4 a6 9. a4 Nbd7 10. Qe2 Nb6 11. Bd3 Nbd5 12. Nxd5 Nxd5 13. Bd2 c5 14. dxc5
Qc7 15. b4 Nf4 16. Bxf4 Qxf4 17. Qe4 Qh6 18. c6 bxc6 19. Qxc6 Rb8 20. Bxa6 Bxa6
21. Qxa6 Rxb4 22. Rfb1 Qf4 23. Rxb4 Qxb4 24. Qc6 Rd8 25. Re1 Qa5 26. g3 h6 27.
Rb1 Bf6 28. Rb7 Ra8 29. Qd7 Kh8 30. Qxf7 Qxa4 31. Rc7 Qa1+ 32. Kg2 e5 33. Nh4
Kh7 34. Qxf6 e4 35. Rxg7+ 1-0

[Event "ARA Cto de Aragon por Equipos Division "]
[Site "Aragon"]
[Date "2021.03.27"]
[Round "3.32"]
[White "Buil Solana, Mario"]
[Black "Castillo Sanjuan, Daniel"]
[Result "1-0"]
[WhiteElo "1426"]
[BlackElo "1965"]
[PlyCount "67"]
[EventDate "2021.03.13"]
[WhiteTeam "Monzon"]
[BlackTeam "Palacio de Pioneros B"]

1. e4 e5 2. Nf3 Nc6 3. d4 exd4 4. Bc4 Nf6 5. e5 d5 6. Bb5 Ne4 7. Nxd4 Bd7 8.
Bxc6 bxc6 9. O-O Bc5 10. f3 Ng5 11. f4 Ne4 12. Be3 O-O 13. Nd2 Nxd2 14. Qxd2
Qe7 15. Nb3 Bb6 16. Rae1 g6 17. a4 a5 18. Bxb6 cxb6 19. c3 Rad8 20. Nd4 c5 21.
f5 Bxf5 22. Nxf5 gxf5 23. Rxf5 Qe6 24. Rf6 Qg4 25. h3 Qh4 26. Kh2 d4 27. g3 Qh5
28. Qf4 Kg7 29. Rf5 Qh6 30. Rg5+ Kh8 31. Rg8+ Rxg8 32. Qxh6 Rg6 33. Qf4 d3 34.
Qxf7 1-0

[Event "Cto de Aragon por Equipos Preferente"]
[Site "?"]
[Date "2021.03.27"]
[Round "3.33"]
[White "Quintero Rodriguez, John"]
[Black "Antonano Fernandez - Quincoce, Avelino"]
[Result "1/2-1/2"]
[WhiteElo "1760"]
[BlackElo "2044"]
[PlyCount "65"]
[EventDate "2021.03.13"]
[WhiteTeam "Palacio De Pioneros C"]
[BlackTeam "MyInvestor Casablanca B"]

1. d4 Nf6 2. Nf3 e6 3. e3 c5 4. c3 b6 5. Bd3 Bb7 6. Nbd2 cxd4 7. exd4 Be7 8.
O-O O-O 9. Re1 d6 10. Qe2 Nbd7 11. Nf1 Re8 12. Bg5 Nd5 13. Bxe7 Qxe7 14. g3 a6
15. Qc2 h6 16. Nh4 Nf4 17. Bh7+ Kh8 18. Be4 Bxe4 19. Rxe4 Nh3+ 20. Kg2 Ng5 21.
Re3 Nf6 22. h3 Rac8 23. Nd2 Qb7+ 24. Kh2 e5 25. dxe5 dxe5 26. Rae1 Qd5 27. Nhf3
Nxf3+ 28. Nxf3 e4 29. Nd2 Qxa2 30. Nxe4 Nxe4 31. Rxe4 Rxe4 32. Rxe4 Qd5 33. Qe2
1/2-1/2

[Event "Cto de Aragon por Equipos Preferente"]
[Site "?"]
[Date "2021.03.27"]
[Round "3.34"]
[White "Ayensa Garcia, Miguel Angel"]
[Black "Sanjuan Segura, Ignacio"]
[Result "0-1"]
[WhiteElo "1959"]
[BlackElo "1694"]
[PlyCount "52"]
[EventDate "2021.03.13"]
[WhiteTeam "MyInvestor Casablanca B"]
[BlackTeam "Palacio De Pioneros C"]

1. c4 Nf6 2. Nc3 e6 3. e4 d5 4. e5 d4 5. exf6 dxc3 6. bxc3 Qxf6 7. d4 b6 8. Nf3
Bb7 9. Be2 h6 10. O-O Bd6 11. Be3 O-O 12. d5 e5 13. Nd2 Qg6 14. Rb1 Nd7 15. h4
f5 16. Nb3 f4 17. Bd2 Nc5 18. h5 Qf6 19. Nxc5 Bxc5 20. Bf3 Rae8 21. Be4 Bc8 22.
Qc2 Bf5 23. Rbe1 Qg5 24. Bxf5 Rxf5 25. Re4 Qxh5 26. Qd1 f3 0-1

[Event "Cto de Aragon por Equipos Preferente"]
[Site "?"]
[Date "2021.03.27"]
[Round "3.35"]
[White "Caballero Ortin, Jorge"]
[Black "Sanjulian Arruga, Pablo"]
[Result "1/2-1/2"]
[WhiteElo "1677"]
[BlackElo "1902"]
[PlyCount "101"]
[EventDate "2021.03.13"]
[WhiteTeam "Palacio De Pioneros C"]
[BlackTeam "MyInvestor Casablanca B"]

1. e4 c5 2. Nf3 e6 3. g3 d6 4. Bg2 Nc6 5. O-O g6 6. c3 Bg7 7. Re1 Nge7 8. Na3
O-O 9. d4 cxd4 10. cxd4 d5 11. exd5 Nxd5 12. Ne5 Bd7 13. h4 h6 14. Nac4 Qc7 15.
Bxd5 exd5 16. Nxd7 Qxd7 17. Ne5 Qf5 18. Nxc6 bxc6 19. Be3 Rfe8 20. Rc1 Rac8 21.
Qc2 Qxc2 22. Rxc2 Bxd4 23. Rce2 Bxe3 24. Rxe3 Kf8 25. Kf1 Rxe3 26. Rxe3 c5 27.
Ra3 Rc7 28. Ke2 Ke7 29. Kd2 Kd6 30. Ra6+ Ke5 31. Ra3 d4 32. f3 Kd5 33. Ra6 c4
34. h5 Rb7 35. Ra5+ Ke6 36. Kc1 gxh5 37. Rxh5 f5 38. Rxh6+ Ke5 39. Rc6 Kd5 40.
Rf6 Ke5 41. Ra6 Kd5 42. Rf6 Ke5 43. Rc6 Rg7 44. Rxc4 Rxg3 45. Rc5+ Ke6 46. f4
Rf3 47. Kd2 Rxf4 48. Kd3 Rf2 49. Kxd4 Rxb2 50. Rc6+ Kd7 51. Ra6 1/2-1/2

[Event "Cto de Aragon por Equipos Preferente"]
[Site "?"]
[Date "2021.03.27"]
[Round "3.36"]
[White "Torres Montes, Juan"]
[Black "Sacristan Latorre, Carlos"]
[Result "1-0"]
[WhiteElo "1629"]
[BlackElo "1667"]
[PlyCount "60"]
[EventDate "2021.03.13"]
[WhiteTeam "MyInvestor Casablanca B"]
[BlackTeam "Palacio De Pioneros C"]

1. c4 Nf6 2. Nc3 g6 3. Nf3 Bg7 4. d4 O-O 5. e4 d6 6. Be2 Nfd7 7. Be3 e5 8. d5
a5 9. a3 Nc5 10. b4 axb4 11. axb4 Rxa1 12. Qxa1 Nca6 13. Qb1 f5 14. Bg5 Qe8 15.
Bd2 h6 16. h4 fxe4 17. Nxe4 Bf5 18. Bd3 Qf7 19. O-O Nd7 20. Ng3 Nb6 21. Nxf5
gxf5 22. Nh2 Qh5 23. g4 fxg4 24. Be2 Qxh4 25. Nxg4 h5 26. Nh6+ Kh8 27. Qg6 Rf6
28. Qe8+ Bf8 29. Nf7+ Kg7 30. Ng5 Rg6 1-0

[Event "Cto de Aragon por Equipos Preferente"]
[Site "?"]
[Date "2021.03.27"]
[Round "3.37"]
[White "Gracia Campo, Carlos Alberto"]
[Black "Marco Gines, Emilio"]
[Result "1-0"]
[WhiteElo "2065"]
[BlackElo "1425"]
[PlyCount "47"]
[EventDate "2021.03.13"]
[WhiteTeam "El Olivar B"]
[BlackTeam "Delicias B"]

1. e4 c5 2. Nf3 d6 3. d4 cxd4 4. Qxd4 Nc6 5. Bb5 Bd7 6. Bxc6 Bxc6 7. Nc3 Nf6 8.
Bg5 e5 9. Qd3 Be7 10. O-O-O Qc7 11. Bxf6 gxf6 12. Nh4 O-O-O 13. Nf5 Rhe8 14.
Nd5 Bxd5 15. Qxd5 Bf8 16. Rd3 Kb8 17. Rhd1 Rc8 18. R1d2 Red8 19. Rh3 h6 20.
Nxh6 Bxh6 21. Rxh6 Rh8 22. Rxh8 Rxh8 23. Qxd6 Rxh2 24. Qf8+ 1-0